000
00331nam a2200133Ia 4500
008
260604s9999 xx 000 0 und d
020
_a
9781529630008
082
_a
519 FIE
100
_a
Andy field
_9
34569
245
0
_a
Discovering Statistics Using IBM SPSS Statistics
260
_b
SAGE
500
_a
Statstics, SPSS
942
_c
BK
999
_c
8590
_d
8590